000 01320cam a2200241 4500
001 WB4008-03
008 040225n2004 000 0 eng u
035 _a(Sirsi) u125229
245 _aSustainable development report
260 _c2004
490 _aScottish Executive Press Release
_v(SEen802/2004) 25 February 2004 (2)
520 _aSecond annual progress report on Scotland's indicators of sustainable development warns that there are areas where long-term action by government and changes in public attitude are needed to make a difference. Positive steps are highlighted towards long-term improvement with higher employment figures and a rise in the number of households recycling their waste. Challenges include the increases in electricity consumption and road use. For the "Indicators of sustainable development for Scotland progress report 2004": http://www.scotland.gov.uk/library5/environment/sd in-00.asp For the Scottish Executive News Release: http://www.scotland.gov.uk/pages/news/2004/02/SEen 802.aspx
590 _aWB
590 _aWB
650 _aSCOTLAND
650 _aSUSTAINABLE DEVELOPMENT
650 _aSUSTAINABLE DEVELOPMENT INDICATORS
650 _aRECYCLING
650 _aELECTRICITY CONSUMPTION
650 _aROAD USE
690 _aDEVELOPMENT-SUSTAINABLE
942 _n0
999 _c117054
_d117054